000 01001nam a2200229Ia 4500
003 Ost
005 20260507075450.0
008 260507s9999||||xx |||||||||||||| ||und||
040 _cfsecg
041 _aara
082 _a657.42
100 _aراضي، محمد سامي
_eمؤلف
245 0 _aمحاسبة تكاليف العقود و المقاولات /
_c محمد سامي راضي
260 _aالاسكندرية:
_bالدار الجامعية,
_c2007
300 _a91 صفحة؛
_c24 سم
520 _aمحاسبة تكاليف العقود والمقاولات/نظام المراحل الانتاجية/نظام الاوامر النتاجية/طبيعة العمل في العقود والمقاولات/اجراءات التقاعد/خصائص النظام المحاسبي لتكاليف العقود والمقاولات
653 _aالتكاليف
653 _aالعقود
653 _aالنظام المحاسبي
653 _aمحاسبة
942 _cكتاب
999 _c44616
_d44616